00648nam a22002057a 4500003000400000005001700004008004100021020001800062040002900080050002300109100007200132245004100204260003200245300002900277650002600306650002700332700005100359942001500410999001700425OSt20260702124235.0260702b |||||||| |||| 00| 0 eng d a9780325077017 cChuka University Library aLB 1573b.B54 2015 aCalkins Lucy, Katie M. Wears, Rebecca Cronin and Baez Angela932679 aBibber Books, Bigger Reading Muscles aPortsmouthbHeinemannc2015 axvi, 147PbIllustrations aReading ( Elementary) aLesson Planning928822 aPeter Cunningham and Marjorie Martineli932126 2lcccBKn0 c25952d25952